000 00291nam a2200097Ia 4500
082 _a641.56314|STEE
245 0 _aThe South African glycemic index and load guide
100 _a STEENKAMP, Gabi [South Africa], ©200
_966562
942 _cBK
008 210817s9999 xx 000 0 und d
999 _c213666
_d213665